00621nam a2200217Ia 450000500170000000800410001702000150005808200190007310000210009224500490011326000490016230000150021165000100022665000120023665000160024865000100026465000130027494200060028795200950029399900150038820250317065318.0240331s9999 xx 000 0 und d a8120601475 a301bIYE21502 aIyengar, P. T. S 0aLife in Ancient IndiabIn the Age of Mantras aNew Delhi,bAsian Educational Servicesc1982 ax, 140 p., aIndia aHistory aAgriculture aWomen aReligion cL 001040708LaWERCLbWERCLcSSCd2024-03-31l0o 301 IYEp1502r2024-03-31w2024-03-31yL c1015d1015